Rareware Games - Statistics

General Stats
  • This quiz has been taken 40 times
  • The average score is 6 of 15
Answer Stats
Console, year, and genre Game % Correct
N64, 1998, 3D platformer Banjo-Kazooie
94%
SNES, 1994, 2D platformer Donkey kong country
77%
N64, 2001, 3D platformer Conker's bad fur day
74%
NES, 1991, beat-em-up Battletoads
69%
SNES, 1994, fighting Killer instinct
66%
N64, 1997, First-person shooter Goldeneye 007
60%
Xbox 360, 2006, life simulation Viva pinata
51%
Gamecube, 2002, adventure Star fox adventures
46%
NES, 1986, skiing Slalom
37%
NES, 1988, racing R.C. Pro-am
34%
NES, 1989, racing Cobra triangle
11%
NES, 1990, puzzle Snake rattle and roll
11%
NES, 1987, beat-em-up Double dragon
9%
SNES, 1983(port), puzzle Cookie
3%
Gamecube/Wii, 2007, puzzle/party Donkey kong barrel blast
3%
No matching quizzes found
Score Distribution
Percent of People with Each Score
Percentile by Number Answered
Your Score History
You have not taken this quiz